| 000 -LEADER |
| fixed length control field |
01166cam a2200301 i 4500 |
| 001 - CONTROL NUMBER |
| control field |
19084074 |
| 003 - CONTROL NUMBER IDENTIFIER |
| control field |
MAJU-Karachi |
| 005 - DATE AND TIME OF LATEST TRANSACTION |
| control field |
20220219115813.0 |
| 008 - FIXED-LENGTH DATA ELEMENTS--GENERAL INFORMATION |
| fixed length control field |
160506s2017 iaua 001 0 eng |
| 010 ## - LIBRARY OF CONGRESS CONTROL NUMBER |
| LC control number |
2016021249 |
| 020 ## - INTERNATIONAL STANDARD BOOK NUMBER |
| International Standard Book Number |
9781259544309 (alk. paper) |
| 040 ## - CATALOGING SOURCE |
| Original cataloging agency |
DLC |
| Language of cataloging |
eng |
| Transcribing agency |
DLC |
| Description conventions |
rda |
| Modifying agency |
DLC |
| 042 ## - AUTHENTICATION CODE |
| Authentication code |
pcc |
| 050 00 - LIBRARY OF CONGRESS CALL NUMBER |
| Classification number |
HD38.5 |
| Item number |
.S95 2017 |
| 082 00 - DEWEY DECIMAL CLASSIFICATION NUMBER |
| Classification number |
658.5 |
| Edition number |
23 |
| 100 1# - MAIN ENTRY--PERSONAL NAME |
| Personal name |
Swink, Morgan, |
| Dates associated with a name |
1959- |
| Relator term |
author. |
| 245 10 - TITLE STATEMENT |
| Title |
Managing operations across the supply chain / |
| Statement of responsibility, etc |
Morgan Swink, Texas Christian University, Steven A. Melnyk Michigan State University, Janet L. Hartley, Bowling Green State University, M. Bixby Cooper, Michigan State University. |
| 250 ## - EDITION STATEMENT |
| Edition statement |
Third Edition. |
| 300 ## - PHYSICAL DESCRIPTION |
| Extent |
xxix, 610 pages : |
| Other physical details |
illustrations ; |
| Dimensions |
28 cm |
| 500 ## - GENERAL NOTE |
| General note |
Revised edition of |
| 500 ## - GENERAL NOTE |
| General note |
Includes index. |
| 650 #0 - SUBJECT ADDED ENTRY--TOPICAL TERM |
| Topical term or geographic name as entry element |
Business logistics. |
| 650 #0 - SUBJECT ADDED ENTRY--TOPICAL TERM |
| Topical term or geographic name as entry element |
Production management. |
| 650 #0 - SUBJECT ADDED ENTRY--TOPICAL TERM |
| Topical term or geographic name as entry element |
Industrial management. |
| 906 ## - LOCAL DATA ELEMENT F, LDF (RLIN) |
| a |
7 |
| b |
cbc |
| c |
orignew |
| d |
1 |
| e |
ecip |
| f |
20 |
| g |
y-gencatlg |
| 942 ## - ADDED ENTRY ELEMENTS (KOHA) |
| Source of classification or shelving scheme |
|
| Koha item type |
Management |